[Event "Mar del Plata op 32nd"]
[Site "Mar del Plata"]
[Date "2001.04.10"]
[Round "4"]
[White "Slipak, Sergio"]
[Black "Rubinetti, Jorge Alberto"]
[Result "1-0"]
[WhiteElo "2448"]
[BlackElo "2428"]
[PlyCount "102"]
[EventDate "2001.04.07"]
[Source "ChessBase"]
[SourceDate "2001.05.06"]

1. d4 d5 2. c4 e6 3. Nc3 c5 4. cxd5 exd5 5. Nf3 Nc6 6. Bg5 Be7 7. Bxe7 Ngxe7 8. e3 c4 9. Be2 O-O 10. O-O Qa5 11. e4 Bg4 12. h3 Bxf3 13. Bxf3 dxe4 14. Bxe4 Rad8 15. d5 f5 16. Bf3 Ne5 17. d6 Nxf3+ 18. Qxf3 Rxd6 19. Qxb7 Ng6 20. Rad1 Rd3 21. Qc6 Ne5 22. Qe6+ Kh8 23. Rde1 Ng6 24. Qxc4 Rdd8 25. Rd1 Rc8 26. Rd5 Qb6 27. Qb5 Qf6 28. Qa4 Rb8 29. Rb5 a6 30. Rxb8 Rxb8 31. Re1 h6 32. Re8+ Rxe8 33. Qxe8+ Kh7 34. Qe3 Qd6 35. a3 Nf4 36. b4 g5 37. Qc5 Qe6 38. Kh2 Kg6 39. g3 Nd3 40. Qd5 Qxd5 41. Nxd5 Nxf2 42. Nc7 Kf6 43. Nxa6 Ke5 44. Kg2 Nd3 45. Nc5 Ne1+ 46. Kf2 Nc2 47. a4 Nxb4 48. a5 Kd5 49. a6 Nc6 50. Nb7 h5 51. Ke3 Ne5 1-0

[Event "Goodricke 12th op"]
[Site "Calcutta"]
[Date "2001.02.13"]
[Round "8"]
[White "Komarov, Dimitri"]
[Black "Gokhale, CS."]
[Result "1-0"]
[WhiteElo "2540"]
[BlackElo "2326"]
[PlyCount "53"]
[EventDate "2001.02.06"]
[Source "ChessBase"]
[SourceDate "2001.05.17"]

1. d4 d5 2. c4 e6 3. Nc3 c5 4. cxd5 exd5 5. dxc5 d4 6. Na4 Nc6 7. a3 Nf6 8. Nf3 Bg4 9. h3 Bh5 10. b4 Qd5 11. g4 Bg6 12. Bg2 Be4 13. O-O Ne5 14. Nxd4 Bxg2 15. Nc3 Qc4 16. Kxg2 O-O-O 17. Ncb5 Qd5+ 18. f3 a6 19. Nd6+ Bxd6 20. cxd6 Rxd6 21. Bf4 Nfd7 22. Nf5 Qxd1 23. Rfxd1 Rf6 24. Rac1+ Nc6 25. Bg3 Re8 26. e4 Nf8 27. Nxg7 1-0

[Event "AUT-chT2W 9697"]
[Site "Austria"]
[Date "1996.??.??"]
[Round "2"]
[White "Hertneck, Gerald"]
[Black "Koenig, Dietrich"]
[Result "1/2-1/2"]
[WhiteElo "2575"]
[BlackElo "2290"]
[PlyCount "97"]
[EventDate "1996.??.??"]
[Source "www.chesslib.no"]
[SourceDate "2004.05.04"]

1. d4 d5 2. c4 e6 3. Nc3 c5 4. cxd5 exd5 5. e3 Nf6 6. Nge2 Nc6 7. g3 Bg4 8. Bg2 cxd4 9. exd4 Bb4 10. O-O O-O 11. h3 Bxe2 12. Nxe2 Ba5 13. Be3 Re8 14. a3 Ne4 15. Qd3 Qd7 16. Rad1 Rad8 17. b4 Bb6 18. Nc1 a5 19. Nb3 axb4 20. Nc5 Bxc5 21. dxc5 bxa3 22. Qxa3 d4 23. Qb2 Nxg3 24. Rfe1 Nf5 25. Bg5 f6 26. Rxe8+ Rxe8 27. Bf4 g5 28. Bd6 Nxd6 29. cxd6 Qxd6 30. Qxb7 Ne5 31. Qd5+ Qxd5 32. Bxd5+ Kg7 33. Rxd4 Rd8 34. Rd1 Ng6 35. Bb3 Rxd1+ 36. Bxd1 f5 37. Kh2 Kf6 38. Kg3 Ke5 39. Bh5 Nf4 40. Be8 h6 41. Bb5 Nd5 42. h4 g4 43. f3 h5 44. fxg4 hxg4 45. h5 Kf6 46. h6 Kg6 47. Bc4 Nf6 48. h7 Nxh7 49. Kf4 1/2-1/2

[Event "Baku"]
[Site "Baku"]
[Date "1988.??.??"]
[Round "?"]
[White "Avshalumov, Alex"]
[Black "Zolnierowicz, Krzysztof"]
[Result "1-0"]
[WhiteElo "2420"]
[BlackElo "2440"]
[PlyCount "81"]
[EventDate "1988.10.??"]
[Source "ChessBase"]

1. d4 d5 2. c4 e6 3. Nc3 c5 4. cxd5 exd5 5. e4 dxe4 6. d5 Bf5 7. Nge2 Bd6 8. Ng3 Bxg3 9. fxg3 Nf6 10. Bb5+ Bd7 11. Be2 O-O 12. O-O h6 13. g4 Re8 14. g5 hxg5 15. Bxg5 Re5 16. Bxf6 gxf6 17. Qe1 Bf5 18. Rd1 Bg6 19. Qg3 Nd7 20. d6 Nb6 21. h4 Kh8 22. a4 a5 23. Qf4 Kg7 24. h5 Bf5 25. Qh4 Rc8 26. Bg4 Bxg4 27. Qxg4+ Rg5 28. Qf4 Rxh5 29. Nxe4 Nd7 30. Qg4+ Kh6 31. Rf5 Rxf5 32. Qxf5 c4 33. Rf1 Kg7 34. Qg4+ Kf8 35. Qh4 Kg7 36. Qg4+ Kf8 37. Qh4 Kg7 38. Rf4 Nf8 39. Nxf6 Ne6 40. Nh5+ Kh6 41. Rf6+ 1-0

[Event "Helsinki"]
[Site "Helsinki"]
[Date "1984.??.??"]
[Round "?"]
[White "Ornstein, Axel"]
[Black "Helmers, Knut J"]
[Result "1-0"]
[WhiteElo "2405"]
[BlackElo "2455"]
[PlyCount "53"]
[EventDate "1984.06.??"]
[Source "ChessBase"]

1. d4 d5 2. c4 e6 3. Nc3 c5 4. cxd5 exd5 5. Nf3 Nc6 6. Bf4 Nf6 7. e3 cxd4 8. Nxd4 Bb4 9. Be2 Ne4 10. Rc1 Qa5 11. Ndb5 O-O 12. O-O Bxc3 13. bxc3 a6 14. Nc7 g5 15. Nxa8 gxf4 16. c4 dxc4 17. Rxc4 Nc3 18. Rxc3 Qxc3 19. Nb6 Be6 20. Nd5 Bxd5 21. Qxd5 fxe3 22. Qg5+ Kh8 23. fxe3 Qg7 24. Qd5 f6 25. Bxa6 Rd8 26. Qe6 Rg8 27. Qxf6 1-0

[Event "YUG-chT"]
[Site "?"]
[Date "1998.??.??"]
[Round "10"]
[White "Bakic Rados"]
[Black "Kostic Vladimir"]
[Result "1/2-1/2"]
[WhiteElo "2440"]
[BlackElo "2420"]
[PlyCount "28"]
[EventDate "1998.??.??"]
[Source "www.chesslib.no"]
[SourceDate "2004.05.04"]

1. c4 e6 2. Nc3 d5 3. d4 c5 4. cxd5 exd5 5. dxc5 d4 6. Na4 b5 7. cxb6 axb6 8. b3 Nc6 9. e4 Nf6 10. Bb5 Bd7 11. Nf3 Ra5 12. Bxc6 Bb4+ 13. Bd2 Bxd2+ 14. Qxd2 Bxc6 1/2-1/2

[Event "JUG-ch"]
[Site "Zagreb"]
[Date "1977.??.??"]
[Round "9"]
[White "Knezevic, Milorad"]
[Black "Marjanovic, Slavoljub"]
[Result "1-0"]
[WhiteElo "2500"]
[BlackElo "2355"]
[PlyCount "73"]
[EventDate "1977.02.??"]
[Source "ChessBase"]

1. c4 e6 2. Nc3 d5 3. d4 c5 4. cxd5 exd5 5. Nf3 Nc6 6. Bf4 Nf6 7. e3 a6 8. Be2 Be7 9. O-O O-O 10. Ne5 Be6 11. Nxc6 bxc6 12. dxc5 Bxc5 13. Rc1 Be7 14. Na4 Qa5 15. a3 c5 16. b4 Qd8 17. Nxc5 Bf5 18. Qd4 Ne4 19. Rfd1 Nxc5 20. bxc5 Be6 21. Bf3 Rc8 22. Qb4 Rc6 23. e4 d4 24. e5 Rc7 25. Rxd4 Qc8 26. Rd6 g5 27. Be3 g4 28. Be2 Bxd6 29. exd6 Rc6 30. Bh6 f6 31. Bxf8 Kxf8 32. Qd4 Kf7 33. Bd3 f5 34. Bc4 Bxc4 35. Qxc4+ Qe6 36. Qc3 h6 37. Qd2 1-0

[Event "Catalunya Ch"]
[Site "ESP"]
[Date "1992.??.??"]
[Round "4"]
[White "Mellado Trivino, Juan"]
[Black "Rodriguez, Orestes"]
[Result "0-1"]
[WhiteElo "2390"]
[BlackElo "2465"]
[PlyCount "138"]
[EventDate "1992.??.??"]
[Source "www.chesslib.no"]
[SourceDate "2004.05.04"]

1. d4 d5 2. c4 e6 3. cxd5 exd5 4. Nc3 c5 5. Nf3 Nc6 6. Bg5 Be7 7. Bxe7 Ngxe7 8. e3 cxd4 9. Nxd4 Qb6 10. Qd2 O-O 11. Be2 Ne5 12. O-O Rd8 13. Rfd1 Qf6 14. Rac1 Be6 15. Nf3 N5c6 16. Nb5 Rac8 17. Nbd4 Bg4 18. b4 Bxf3 19. Nxf3 g6 20. b5 Ne5 21. Nxe5 Qxe5 22. g3 b6 23. Bg4 Rxc1 24. Qxc1 h5 25. Bh3 f5 26. Qa3 Rd7 27. Bg2 Rc7 28. h4 Kf7 29. Rd4 Rc5 30. Qxa7 Rxb5 31. Qd7 Rc5 32. Rb4 Rc1+ 33. Kh2 Rc2 34. Kg1 Qa1+ 35. Bf1 Rc1 36. Qb5 Qxa2 37. Rb2 Qc4 38. Qxc4 dxc4 39. Rxb6 c3 40. Rb5 Ke6 41. Kg2 Kd6 42. Bd3 Rd1 43. Bb1 Rd2 44. e4 fxe4 45. Bxe4 c2 46. Bxc2 Rxc2 47. g4 hxg4 48. h5 gxh5 49. Rxh5 Nc6 50. Kg3 Ne5 51. Rh8 Rc3+ 52. Kg2 Kd5 53. Rd8+ Ke4 54. Re8 Kf4 55. Rg8 Kf5 56. Ra8 Ng6 57. Ra5+ Kf4 58. Ra4+ Kg5 59. Ra5+ Kh4 60. Rf5 Rc4 61. Rf7 Nf4+ 62. Kh2 Nh5 63. Kg2 Rf4 64. Rh7 Rf8 65. Kg1 Kg5 66. Ra7 Nf4 67. Ra2 Nh3+ 68. Kg2 Kh4 69. Rb2 Rxf2+ 0-1